Loading...
| Current Events | 2 | 15.00 | 100% | 50% | 0% |
| Fine Arts - Classical Music | 12 | 19.17 | 100% | 67% | 25% |
| Fine Arts - Other | 11 | 19.09 | 100% | 73% | 18% |
| Fine Arts - Painting and Sculpture | 10 | 17.00 | 90% | 60% | 20% |
| Geography | 1 | 20.00 | 100% | 100% | 0% |
| History - American | 7 | 20.00 | 100% | 86% | 14% |
| History - European | 7 | 17.14 | 86% | 71% | 14% |
| History - Other | 9 | 18.89 | 100% | 67% | 22% |
| History - World | 6 | 15.00 | 100% | 33% | 17% |
| Literature - American | 8 | 21.25 | 100% | 75% | 38% |
| Literature - British | 6 | 21.67 | 100% | 83% | 33% |
| Literature - European | 8 | 20.00 | 100% | 63% | 38% |
| Literature - World | 13 | 20.00 | 92% | 77% | 31% |
| Mythology | 8 | 17.50 | 100% | 50% | 25% |
| Other Academic | 4 | 17.50 | 100% | 50% | 25% |
| Philosophy | 7 | 14.29 | 86% | 43% | 14% |
| Pop Culture | 2 | 25.00 | 100% | 100% | 50% |
| Religion | 8 | 18.75 | 100% | 63% | 25% |
| Science - Biology | 10 | 22.00 | 100% | 90% | 30% |
| Science - Chemistry | 10 | 19.00 | 100% | 80% | 10% |
| Science - Other | 8 | 17.50 | 88% | 75% | 13% |
| Science - Physics | 9 | 18.89 | 100% | 78% | 11% |
| Social Science | 7 | 18.57 | 100% | 57% | 29% |